000 00401pab a2200133 454500
008 180718b xxu||||| |||| 00| 0 eng d
100 _aSkok, James E
245 _aStrategic budgeting: reviewing the literature of an emerging theory
650 _a Public Administration
650 _a Strategic Budgeting
650 _aBudgeting
773 _aInternational Journal of Public Administration
909 _a2513
999 _c2513
_d2513